Statystyki dla Główne królestwa w świecie Wiedźmina

Kliknij tutaj aby rozwiązać quiz!

Ogólne statystyki

  • Ten quiz został rozwiązany 2 803 razy
  • Średni wynik to 5 z 10

Statystyki odpowiedzi

Odpowiedź% Poprawnych
Temeria
90%
Redania
87%
Nilfgaard
68%
Kaedwen
54%
Rivia
51%
Cintra
50%
Aedirn
44%
Lyria
43%
Dol Blathanna
10%
Cidaris
9%

Rozkład punktacji

Percentyl według liczby udzielonych odpowiedzi

Procent ludzi z każdym wynikiem

Twoja historia wyników

Nie rozwiązałeś tego quizu